| 000 | 00494nam a22001817a 4500 | ||
|---|---|---|---|
| 003 | CEME | ||
| 005 | 20210628205739.0 | ||
| 008 | 210316b xxu||||| |||| 00| 0 eng d | ||
| 020 | _a81-76062-269- | ||
| 040 | _c. | ||
| 082 | _a355.33041 WOO | ||
| 100 |
_aWood, W. J _976910 |
||
| 245 | _aLeaders and battles the art of military leadership | ||
| 260 |
_aUSA _bLANCER PUBLICATIONS _c1996 |
||
| 300 | _a336P | ||
| 650 |
_aMILITARY LEADERSHIP-ART BATTLES AND LEADERS _976911 |
||
| 942 |
_cBK _2ddc |
||
| 999 |
_c582220 _d582220 |
||